| 000 | 00589nam a22001937a 4500 | ||
|---|---|---|---|
| 003 | OSt | ||
| 008 | 260129b |||||||| |||| 00| 0 eng d | ||
| 020 | _a9788120408333 | ||
| 082 |
_a630.715 _bS21T |
||
| 100 | _aSandhu, Anoop Singh. | ||
| 245 |
_aTextbook on Agricultural Communication : process and methods / _cby Anoop Singh Sandhu |
||
| 260 |
_a.- New Delhi _b: CBS Publishers _c, 2026 |
||
| 300 | _axiv,213p. | ||
| 650 | _aTechnology (Applied Sciences) | ||
| 650 | _aAgriculture and Related Technologies | ||
| 650 | _aAgriculture | ||
| 650 | _aCommunication | ||
| 942 |
_2ddc _cBK _01 |
||
| 999 |
_c49924 _d49924 |
||